000 00413 a2200169 4500
001 188506
020 _a978-85-16-06396-2
040 _cMagnum
100 _aMc Donald, Megan
240 1 0 _aChiclete e o expresso das cobaias
_lpor
245 1 0 _aChiclete e o expresso das cobaias
300 _a147
362 0 _a2009
440 1 _aSalamandra
697 _aLITERATURA INFANTO-JUVENIL ESTRANGEIRA
942 _cBK
999 _c188506
_d188506